| 000 | 00666nam a22001937a 4500 | ||
|---|---|---|---|
| 005 | 20230926110910.0 | ||
| 010 | _aENG-119968 | ||
| 020 |
_c995.00 _a9789386535030 |
||
| 035 | _aEN-103500 | ||
| 037 | _bDBAD/PUB | ||
| 082 | _a382.095105491 | ||
| 245 |
_aChina Pakistan corridor: _bBane or Boom/ _cEdited by Archana Rathore |
||
| 260 |
_aNew Delhi _bJawahar Publishers & Distributors, _c2017 |
||
| 270 |
_a46, Samachar Apartment, Mayur Vihar-I, _bNew Delhi _e110091 |
||
| 300 |
_avii, 280p _c22cm (pbk) |
||
| 500 | _aInclude bibliographical references and index | ||
| 700 |
_aRathor, Archana _957345 |
||
| 942 |
_2ddc _cEN _h382.095105491 _mCHI |
||
| 999 |
_c143632 _d143632 |
||